LDR 00595naa#a2200169#i#450# 001 EN\INFRA-M\bibl\98985 005 20260606144958.6 011 ## _a1998-0744 100 ## _a20250909b2025####ek#y0engy0150####ca 102 ## _aRU 200 1# _aTHE CONCEPT OF DEVELOPING STUDENTS' MATHEMATICAL ABILITIES _eJournal article 210 1# _aMoscow _cINFRA-M Academic Publishing LLC. _d2025 215 ## _a5 с. 608 ## _aJournal article _2local 675 ## _aОбразование. Воспитание. Обучение. Организация досуга. 37 _z 700 #1 _aVisitaeva _gMaret Balaudinovna 856 4# _azh-szf.ru _u